Chargement en cours...

Vidyabhyasa chinthakal /

Détails bibliographiques
Autres auteurs: Azeez Tharuvana (Éditeur intellectuel)
Format: Printed Book
Langue:Malayalam
Publié: Calicut : Olive, 2007.
Sujets:
LEADER 00750nam a22001817a 4500
008 160624b xxu||||| |||| 00| 0 mal d
020 |a 9789382934561  |c INR 
082 |a 370.1 
245 |a Vidyabhyasa chinthakal /  |c Edited by Azeez Tharuvana 
260 |a Calicut :  |b Olive,  |c 2007. 
300 |a 154 p. ; 
650 |v Studies  |x Malayalam  |a Education 
700 |a Azeez Tharuvana  |e Editor 
942 |c BK 
546 |a In malayalam 
999 |c 285534  |d 285534 
952 |0 0  |1 0  |4 0  |6 370_100000000000000_VID  |7 0  |9 324021  |a FLK  |b FLK  |c ST1  |d 2016-06-24  |e BK  |g 120.00  |i 5262  |l 0  |o 370.1 VID  |p FLK5262  |r 2016-06-24  |w 2016-06-24  |y BK 
952 |0 0  |1 0  |4 0  |6 370_100000000000000_VID1  |7 0  |9 324022  |a FLK  |b FLK  |c ST1  |d 2016-06-24  |e BK  |g 120.00  |i 5263  |l 0  |o 370.1 VID,1  |p FLK5263  |r 2016-06-24  |w 2016-06-24  |y BK